FIFA World Cup 2006 - Statistics

General Stats
  • This quiz has been taken 8,035 times
  • The average score is 25 of 32
Answer Stats
Group Answer % Correct
A Germany
97%
E Italy
96%
C Argentina
95%
F Brazil
95%
G France
95%
B England
93%
D Portugal
93%
H Spain
93%
F Japan
89%
E United States of America
87%
D Mexico
86%
C Netherlands
86%
F Australia
85%
G South Korea
85%
B Sweden
85%
E Ghana
77%
A Poland
77%
G Switzerland
75%
F Croatia
73%
B Paraguay
72%
C Serbia and Montenegro
71%
A Ecuador
69%
H Ukraine
69%
A Costa Rica
68%
C Ivory Coast
68%
D Iran
67%
E Czech Republic
61%
H Saudi-Arabia
60%
H Tunisia
53%
B Trinidad & Tobago
51%
G Togo
47%
D Angola
42%
No matching quizzes found
Score Distribution
Percent of People with Each Score
Percentile by Number Answered
Your Score History
You have not taken this quiz